Statistiques concernant Île à pays n°8

Cliquez ici pour prendre le quiz!

Statistiques générales

  • Ce quiz a été pris 55 fois
  • Le résultat moyen est 9 sur 14

Statistiques - réponses

Île Pays % Correct
La RéunionFrance
98%
HokkaidoJapon
96%
MykonosGréce
96%
Grande CanarieEspagne
93%
ManhattanÉtats-Unis
93%
Puerto RicoÉtats-Unis
89%
BaliIndonesie
87%
TobagoTrinite-et-Tobago
78%
Îles Phi phiThailande
57%
Île de la Révolution d'OctobreRussie
54%
ÅlandFinlande
52%
Îles de la MadeleineCanada
39%
LakshadweepInde
13%
Île de TiranArabie Saoudite
2%

Distribution des résultats

Percentile by Number Answered

% des personnes avec chaque résultat

Votre développement - résultats

Vous n’avez pas pris ce quiz